1468 1480 1093 1755 1419 1703 1583 1918 1740 1209 1817 1299 1629 1423 1182 1038 1177 1678 1176 1237 1815 1645 1135 1002 1877 1765 1002 1267 1018 1624 1051 1851 1180 1500 1961 1952 1677 1172 1159 1687 1386 1730 1516 1020 1687 1735 1307 1967 1113 1844 1203 1850 1393 1693 1196 1589 1832 1971 1316 1881 1635 1741 1201 1429 1172 1389 1069 1256 1260 1015 1328 1038 1924 1507 2000 1242 1003 1577 1689 1519 1280 1237 1146 1812 1441 1862 1431 1930 1909 1594 1825 1543 1820 1031 1126 1370 1458 1756 1100 BCNSPRNW ULIB Ver.6.0+V

เปลี่ยนเป็นภาษาไทย

Change to English
 แสดงรายละเอียดบรรณานุกรม
  กลับหน้าหลัก

Brief Record : Get Marc (ISO 2709) : E-mail record : QR code < ปิดหน้าต่าง
LEADER : 00000nam 2200000uu 4500
001    13399123607
003     ULIB
008    141017s2556||||th 000 0 tha d
020    ^a9786163359421
060    ^aWI300^bค152
110 1  ^aจุฬาลงกรณ์มหาวิทยาลัย^bคณะแพทยศาสตร์^bภาควิชาอายุรศาสตร์
245 10 ^aครบชัดลึกเรื่อง...ปวดท้อง/^cภาควิชาอายุรศาสตร์ คณะแพทยศาสตร์ จุฬาลงกรณ์มหาวิทยาลัย
246 0  ^aครบ ชัด ลึก เรื่อง...ปวดท้อง
260    ^aกรุงเทพฯ :^bวีพริ้น^c2556.
300    ^a155 หน้า :^bภาพประกอบ
650  7 ^aกระเพาะอาหาร, โรค
650  7 ^aกระเพาะอาหาร, โรค^xการรักษา
945    ^p190^l0^i21507
945    ^p190^l0^i21508
945    ^p190^l0^i21509
945    ^p190^l0^i21510
945    ^p190^l0^i21511
999    ^aทศพร เกษรทอง
รายการนี้ยังไม่มีแท็ก
คุณยังไม่ได้ล็อกอิน คุณสามารถมีกิจกรรมร่วมกับเว็บไซต์ได้ แต่ต้องล็อกอินก่อน ::
  ล็อกอิน

รายการสื่อสารสนเทศ

ลำดับที่ ประเภท เลขเรียก/บาร์โค้ด สถานที่ สถานะ
1. วิทยาศาสตร์การแพทย์ และสุขภาพ
หนังสือสำรอง
สถานะ=หนังสือสำรอง
WI300 ค152 ฉ.1 
  Barcode: 21507
ห้องสมุดวิทยาเขตนครสวรรค์
►หนังสือทั่วไป:l:General Books
บนชั้น
2. วิทยาศาสตร์การแพทย์ และสุขภาพ
วิทยาศาสตร์การแพทย์ และสุขภาพ
สถานะ=หนังสือเก่า
WI300 ค152 ฉ.2 
  Barcode: 21508
ห้องสมุดวิทยาเขตนครสวรรค์
►ส่วนจัดเก็บหนังสือเก่า นว.
บนชั้น
  ขอยืม
3. วิทยาศาสตร์การแพทย์ และสุขภาพ
วิทยาศาสตร์การแพทย์ และสุขภาพ
สถานะ=หนังสือเก่า
WI300 ค152 ฉ.3 
  Barcode: 21509
ห้องสมุดวิทยาเขตนครสวรรค์
►ส่วนจัดเก็บหนังสือเก่า นว.
บนชั้น
  ขอยืม
4. วิทยาศาสตร์การแพทย์ และสุขภาพ
วิทยาศาสตร์การแพทย์ และสุขภาพ
WI300 ค152 ฉ.4 
  Barcode: 21510
ห้องสมุดวิทยาเขตนครสวรรค์
►หนังสือทั่วไป:l:General Books
บนชั้น
5. วิทยาศาสตร์การแพทย์ และสุขภาพ
วิทยาศาสตร์การแพทย์ และสุขภาพ
สถานะ=หนังสือเก่า
WI300 ค152 ฉ.5 
  Barcode: 21511
ห้องสมุดวิทยาเขตนครสวรรค์
►ส่วนจัดเก็บหนังสือเก่า นว.
บนชั้น
  ขอยืม

รายการใกล้เคียง
    หัวเรื่อง [กระเพาะอาหาร, โรค]

BibComment


ยังไม่เคยถูกคอมเมนท์

คอมเมนท์ทรัพยากรรายการนี้
  คอมเมนท์: ครบชัดลึกเรื่องป..


 Copyright 2026. Bcnsprnw @Library